000 00395 a2200157 4500
001 59012
020 _a8587777017
040 _cAnchieta - Pituba
100 _aCoelho Filho, Luiz Walter
240 1 0 _aA capitania de São Jorge e a década do açúcar
_lpor
245 1 0 _aA capitania de São Jorge e a década do açúcar
300 _a197
362 0 _a2000
650 4 _aBahia
942 _cBK
999 _c59012
_d59012